000 00266nam a2200097Ia 4500
005 20251222114416.0
008 251222s1900||||xx |||||||||||||| ||spa||
082 _aDVD0070/V28/1996
245 0 _aUncovering the real dickens:Descubriendo al verdadero Dickens
942 _cDVD
999 _c2224
_d2224